00361 2200157 4500001002100000005001500021035002000036245004400056100001600100300001200116260002900128082000800157084001400165990001200179990001200191INLIS00000000000211820250527111152 a0010-05250004101 aSport Development Indexs /cToho Cholik0 aToho Cholik a185 hlm aJakarta :bIndeks,c2007 a700 a700 TOH s a0713002 a0713003